[Event "SVK-ch 1st email"]
[Site "Slovakia"]
[Date "2002.??.??"]
[Round "?"]
[White "Jakubek, Martin"]
[Black "Miciak, Emanuel"]
[Result "1-0"]
[WhiteElo "2202"]
[BlackElo "2432"]
[PlyCount "79"]
[EventDate "2002.02.04"]
[EventType "tourn (corr)"]
[EventRounds "14"]
[EventCountry "SVK"]
[SourceTitle "Corr 2008"]
[Source "ChessBase"]
[SourceDate "2008.06.24"]
[SourceVersion "1"]
[SourceVersionDate "2008.06.24"]
[SourceQuality "1"]

1. e4 e5 2. Nf3 Nc6 3. Bb5 a6 4. Ba4 Nf6 5. 0-0 Be7 6. Re1 b5 7. Bb3 0-0 8. d4 Nxd4 9. Nxd4 exd4 10. e5 Ne8 11. c3 dxc3 12. Nxc3 d6 13. Qf3 Be6 14. Nd5 Rc8 15. Bf4 Bg5 16. Rad1 Kh8 17. Bc2 g6 18. Qg3 Bxf4 19. Nxf4 Ng7 20. Be4 Qe7 21. Nxe6 fxe6 22. exd6 cxd6 23. Qxd6 Qf6 24. f3 Qxb2 25. Qxa6 b4 26. Re2 Qe5 27. Qd6 Qxd6 28. Rxd6 Nf5 29. Ra6 Rfd8 30. Kf2 Rd6 31. Ra7 Rcd8 32. Bxf5 exf5 33. Rb7 Rd4 34. Ree7 f4 35. Rxh7+ Kg8 36. Rhg7+ Kf8 37. h4 Rd2+ 38. Kg1 Rxa2 39. Rgf7+ Kg8 40. Rxf4 1-0

[Event "SVK-ch 1st email"]
[Site "Slovakia"]
[Date "2002.??.??"]
[Round "?"]
[White "Jakubek, Martin"]
[Black "Mokos, Jozef"]
[Result "1-0"]
[WhiteElo "2202"]
[BlackElo "2056"]
[PlyCount "75"]
[EventDate "2002.02.04"]
[EventType "tourn (corr)"]
[EventRounds "14"]
[EventCountry "SVK"]
[SourceTitle "Corr 2008"]
[Source "ChessBase"]
[SourceDate "2008.06.24"]
[SourceVersion "1"]
[SourceVersionDate "2008.06.24"]
[SourceQuality "1"]

1. e4 e6 2. d4 d5 3. Nc3 Bb4 4. e5 Ne7 5. a3 Bxc3+ 6. bxc3 c5 7. Qg4 Nf5 8. Bd3 h5 9. Qf4 Qc7 10. dxc5 Na6 11. Bxf5 exf5 12. Ne2 Nxc5 13. 0-0 Be6 14. Nd4 Ne4 15. Rb1 Nxc3 16. Rb4 a6 17. Re1 Qd7 18. f3 b5 19. Qg3 Kf8 20. Bd2 Na4 21. Bg5 Rc8 22. Re3 Nb6 23. Rd3 Nc4 24. f4 Na5 25. Rb1 Nb7 26. Rc3 Nc5 27. Qe1 Kg8 28. Rd1 Ne4 29. Rxc8+ Qxc8 30. Rd3 Qc7 31. Qh4 Qc4 32. Be7 Qa2 33. Qe1 Rh6 34. Rb3 Rg6 35. h3 Bd7 36. Kh2 Kh7 37. Qd1 Kg8 38. Bb4 1-0

[Event "SVK-ch 1st email"]
[Site "Slovakia"]
[Date "2002.??.??"]
[Round "?"]
[White "Kolesar, Marek"]
[Black "Jakubek, Martin"]
[Result "1/2-1/2"]
[WhiteElo "1859"]
[BlackElo "2202"]
[PlyCount "74"]
[EventDate "2002.02.04"]
[EventType "tourn (corr)"]
[EventRounds "14"]
[EventCountry "SVK"]
[SourceTitle "Corr 2008"]
[Source "ChessBase"]
[SourceDate "2008.06.24"]
[SourceVersion "1"]
[SourceVersionDate "2008.06.24"]
[SourceQuality "1"]

1. e4 c5 2. Nf3 Nc6 3. d4 cxd4 4. Nxd4 e5 5. Nb5 a6 6. Nd6+ Bxd6 7. Qxd6 Qf6 8. Qd1 Qg6 9. Nc3 d5 10. Nxd5 Qxe4+ 11. Be3 Nd4 12. Nc7+ Ke7 13. Rc1 Bg4 14. Qd3 Qxd3 15. Bxd3 Rd8 16. h3 Bh5 17. f4 f6 18. Kf2 Kd6 19. c3 Nb3 20. axb3 Kxc7 21. Be4 Ne7 22. Rhe1 Bg6 23. fxe5 Bxe4 24. exf6 Nd5 25. fxg7 Rhg8 26. Bd4 Rde8 27. Kg3 Re7 28. Kh2 Kd7 29. Rf1 h5 30. Rf2 Nc7 31. Rd1 Ree8 32. Rf7+ Kc8 33. Re1 Bd5 34. Rxe8+ Nxe8 35. Rf8 Bxb3 36. h4 Kd7 37. g4 Nxg7 1/2-1/2